Länder mit N =D - Statistiken

Allgemein
  • Dieses Quiz wurde 1.391 mal gespielt
  • Das Durchschnittsergebnis liegt bei 8 aus 10
Antwortstatistiken
Hint Antwort % Korrekt
1 Namibia
89%
7 Niger
88%
8 Nigeria
87%
10 Norwegen
83%
6 Niederlande
81%
5 Nicaragua
79%
4 Neuseeland
76%
2 Nauru
71%
9 Nordkorea
70%
3 Nepal
69%
Keine übereinstimmenden Quizze gefunden
Verteilung der Resultate
Anzahl Personen mit jedem Resultat
Perzentil nach korrekt beantworteten Fragen
Ihre Resultats-Entwicklung
Sie haben dieses Quiz noch nicht gespielt